MARC

LEADER 00000nas a2200000 a 4500
001 ssj0057225
003 WaSeSS
005 20200512172242.0
006 m d
007 cr n
008 060614c200u9999ck fr p s 0 0eng c
010 |a  2010256033 
016 7 |a 013438997  |2 Uk 
022 |a 1794-6190  |l 1794-6190  |y 1794-6190 
035 |a (WaSeSS)ssj0057225 
040 |a SNM  |b eng  |c SNM  |d OCLCQ  |d RBN  |d OCLCQ  |d UKMGB  |d OCLCQ  |d OCLCF  |d OCLCO  |d OCLCQ  |d OCLCO  |d WT2  |d OCLCA  |d OCLCQ  |d AU@  |d OCLCQ  |d WaSeSS 
041 0 |a spa  |b eng  |b spa 
042 |a pcc 
043 |a s-ck--- 
050 1 4 |a QE230 
222 0 |a Earth sciences research journal (online) 
245 0 0 |a Earth sciences research journal  |h [electronic resource]. 
246 3 |a ESRJ 
260 |a Bogotá, Colombia :  |b Universidad Nacional de Colombia, Facultad de Ciencias, Departamento de Geociencías, Grupo de Investigación en Geofísica 
310 |a Semiannual 
506 |a License restrictions may limit access. 
538 |a Mode of access: World Wide Web. 
546 |a In English with abstracts in English and Spanish. 
588 0 |a Vol. 8, no 1 (Dec. 2004); title from web page (viewed June 14, 2006). 
588 1 |a Vol. 11, no. 2 (Dec. 2007), viewed Sept. 7, 2010. 
650 0 |a Earth sciences  |v Periodicals. 
650 0 |a Geology  |v Periodicals. 
650 0 |a Earth sciences  |z Colombia  |v Periodicals. 
650 0 |a Geology  |z Colombia  |v Periodicals. 
650 7 |a Earth sciences.  |2 fast  |0 (OCoLC)fst00900729 
650 7 |a Geology.  |2 fast  |0 (OCoLC)fst00940627 
651 7 |a Colombia.  |2 fast  |0 (OCoLC)fst01205916 
655 0 |a Electronic journals. 
710 2 |a Universidad Nacional de Colombia.  |b Grupo de Investigación en Geofísica. 
780 0 0 |t Geofísica Colombiana 
856 4 0 |z Full text available from Research Library: 01/01/2004 to present  |u https://search.proquest.com/publication/2035735